Most Appeared Characters in Supernatural - Statistics

General Stats
  • This quiz has been taken 1,107 times
  • The average score is 29 of 72
Answer Stats
Number of episodes Character % Correct
327 Dean Winchester
100%
326 Sam Winchester
99%
143 Castiel
97%
68 Bobby Singer
95%
7 Jo Harvelle
95%
12 John Winchester
91%
46 Lucifer
91%
67 Crowley
88%
37 Mary Winchester
87%
19 Chuck Shurley
81%
9 Ellen Harvelle
73%
13 Michael
70%
12 The Trickster
70%
19 Ruby
67%
36 Jack
66%
12 Charlie Bradbury
62%
33 Rowena MacLeod
62%
17 Meg Masters
60%
19 Kevin Tran
53%
19 Sheriff Jody Mills
52%
6 Ben Braeden
50%
9 Azazel
49%
12 Amara
48%
6 Rufus Turner
47%
6 Anna Milton
46%
6 Claire Novak
45%
6 Garth Fitzgerald IV
45%
11 Lisa Braeden
45%
6 Dick Roman
44%
15 Metatron
44%
5 Death
41%
5 Ash
38%
4 Uriel
38%
10 Benny Lafitte
35%
14 Gadreel
35%
7 Donna Hanscum
34%
9 Zachariah
34%
19 Arthur Ketch
33%
8 Abaddon
31%
6 Bela Talbot
31%
6 Balthazar
30%
9 Naomi
30%
4 Jessica Moore
29%
15 Billie
27%
7 Hannah
24%
4 Gordon Walker
23%
5 Alex Jones
22%
5 Asmodeus
21%
4 Ed Zeddmore
21%
7 Eileen Leahy
20%
6 Mick Davies
20%
5 Pamela Barnes
18%
8 Samuel Campbell
18%
4 Tessa
18%
9 Donatello Redfield
17%
8 Kelly Kline
17%
4 Becky Rosen
16%
4 Christian Cambell
16%
5 Edgar
16%
6 Lady Toni Bevell
16%
7 The Empty
15%
5 Kaia Nieves
14%
7 Nick
14%
4 Gwen Campbell
13%
7 Amelia Richardson
12%
5 Anael
12%
7 Duma
12%
7 Maggie
10%
4 FBI Agent Victor Henriksen
9%
4 Frank Devereaux
8%
4 Harry Spangler
8%
4 Cole Trenton
7%
No matching quizzes found
Score Distribution
Percent of People with Each Score
Percentile by Number Answered
Your Score History
You have not taken this quiz